25 Most Famous Cities in Tunisia on a Map - Statistics

General Stats
  • This quiz has been taken 109 times
  • The average score is 11 of 25
Answers on the Map
Answers color-coded by a green-red scale on the quiz's map according to % correct below.
 
Answer Stats
Wiki Monthly Views Cityquiz Mention Rate Population Answers % Correct
75.01K 57.89% 599.37K Tunis
96%
14.58K 13.39% 286.64K Sfax
90%
21.30K 5.53% 250.54K Sousse
89%
12.69K 3.07% 154.30K Bizerte
66%
13.18K 0.08% 107.13K Monastir
63%
23.70K 2.01% 153.90K Kairouan
61%
5.28K 3.32% 107.63K Gabès
54%
13.84K 0.02% 79.60K Hammamet
52%
5.32K 0.09% 81.20K Nabeul
52%
10.36K 0.01% 57.20K Mahdia
48%
5.01K 1.10% 103.40K Gafsa
45%
3.54K 0.03% 64.90K Béja
41%
6.01K - 17.01K Carthage
41%
9.72K 0.24% 70.20K Tataouine
41%
4.00K 0.04% 60.00K El Kef
38%
7.00K 0.02% 41.30K Tozeur
38%
3.64K 0.07% 75.90K Zarzis
32%
3.42K 0.05% 52.30K Sidi Bouzid
31%
6.75K 0.00% 22.10K Tabarka
28%
7.14K 0.01% 25.00K El Djem
25%
3.56K 0.03% 101.60K La Marsa
23%
10.94K - 7.21K Sidi Bou Said
23%
5.32K 0.01% 60.92K La Goulette
17%
4.83K - 15.50K Kerkennah/Remla
14%
6.36K - 1.85K Matmata
11%
No matching quizzes found
Score Distribution
Percent of People with Each Score
Percentile by Number Answered
Your Score History
You have not taken this quiz